| 000 | 00684nam a2200217 i 4500 | ||
|---|---|---|---|
| 001 | 124474 | ||
| 003 | ES-MaACL | ||
| 005 | 20250817210228.0 | ||
| 007 | t| | ||
| 008 | 070328s1931 sp ||||1| spa d | ||
| 080 | _a839:5(09) | ||
| 100 | 1 |
_aBoor, Helmut de. _930324 |
|
| 245 | 1 | 0 |
_aLiteratura sueca / _cHelmut de Boor ; traducción directa del alemán por J. Ernesto Martínez Ferrando. |
| 260 |
_aBarcelona : _bLabor, _c[1931] |
||
| 300 |
_a164 p., X p. lám. ; _c17 cm. |
||
| 490 | 1 |
_aColección Labor ; _v279 |
|
| 700 | 1 |
_aMartínez Ferrando, Ernest, _d1891-1965 _978083 |
|
| 830 | 0 | 0 |
_aColección Labor _v279 _9184254 |
| 852 |
_aES-MaACL _jE-2774 |
||
| 999 |
_c124474 _d124474 |
||